| 000 | 006030000a22001930004500 | ||
|---|---|---|---|
| 090 |
_aAR _b03558 |
||
| 245 | 1 | 0 | _aPatrones de competencia intraespecifica en hormigas Ectatomma ruidum (Formicidae: Ponerinae) |
| 650 | 1 | 4 |
_aEntomología _94483 |
| 650 | 1 | 4 |
_aHormigas _992499 |
| 650 | 1 | 4 |
_aCompetencia biológica _994013 |
| 650 | 1 | 4 |
_aForrajeo _92526 |
| 651 | 4 |
_pCosta Rica _992749 |
|
| 653 |
_fEctatomma _eEctatomma ruidum |
||
| 041 | 0 | _aEspañol | |
| 700 | 1 |
_aWindsor, Donald _97234 |
|
| 100 | 1 |
_aAmat García, Germán _95379 |
|
| 942 | _cARTICULO | ||
| 773 | 1 |
_tUniversitas Scientiarium _h1 _q5763 _d1994 _g2 |
|
| 999 |
_c12608 _d12608 |
||